书目信息 |
| 题名: |
单向街
|
|
| 作者: | 本雅明 著 ;王涌 译 | |
| 分册: | ||
| 出版信息: | 北京 中信出版集团股份有限公司 2021 |
|
| 页数: | 247页 | |
| 开本: | 21cm | |
| 丛书名: | ||
| 单 册: | ||
| 中图分类: | I516.65 | |
| 科图分类: | ||
| 主题词: | 随笔--作品集--德国--现代 | |
| 电子资源: | ||
| ISBN: | 978-7-5217-2410-3 | |
| 000 | 00944nam0 2200265 450 | |
| 001 | 2159661904 | |
| 005 | 20211116163426.68 | |
| 010 | @a978-7-5217-2410-3@b精装@dCNY49.90 | |
| 100 | @a20210519d2021 em y0chiy50 ea | |
| 101 | 1 | @achi@eeng@cger |
| 102 | @aCN@b110000 | |
| 105 | @aa z 000cd | |
| 200 | 1 | @a单向街@9dan xiang jie@dOne-way street@f(德)瓦尔特·本雅明著@g王涌译@zeng |
| 210 | @a北京@c中信出版集团股份有限公司@d2021 | |
| 215 | @a247页@c图,照片@d21cm | |
| 300 | @a作家榜经典名著 | |
| 305 | @a据德国苏尔坎普(Suhrkamp)出版社1997年版译出 | |
| 330 | @a本书收录了德国传奇哲学家本雅明的60篇随感、格言、哲思。从本雅明的作品中,感受一个天才的孤独和探索。 | |
| 510 | 1 | @aOne-way street@zeng |
| 606 | 0 | @a随笔@x作品集@y德国@z现代 |
| 690 | @aI516.65@v5 | |
| 701 | 1 | @c(德)@a本雅明@9ben ya ming@g(Benjamin, Walter)@f(1892-1940)@4著 |
| 702 | 0 | @a王涌@9wang yong@4译 |
| 801 | 0 | @aCN@b山东中教@c20211112 |
| 905 | @aZUCC@dI516.65@e11 | |
| 单向街=One-way street/(德)瓦尔特·本雅明著/王涌译.-北京:中信出版集团股份有限公司,2021 |
| 247页:图,照片;21cm |
| 作家榜经典名著 |
| ISBN 978-7-5217-2410-3(精装):CNY49.90 |
| 本书收录了德国传奇哲学家本雅明的60篇随感、格言、哲思。从本雅明的作品中,感受一个天才的孤独和探索。 |
| ● |
| 相关链接 |
|
|
|
正题名:单向街
索取号:I516.65/11
 
预约/预借
| 序号 | 登录号 | 条形码 | 馆藏地/架位号 | 状态 | 备注 |
| 1 | 2000888151 | 2000888151 | 第一书库/ [索取号:I516.65/11] | 在馆 | |
| 2 | 2000888152 | 2000888152 | 第一书库/ [索取号:I516.65/11] | 在馆 | |
| 3 | 2000888153 | 2000888153 | 第一书库/ [索取号:I516.65/11] | 在馆 |